| 000 | 00644cai a22001815a 4500 | ||
|---|---|---|---|
| 001 | E152954 | ||
| 008 | 110517u xxk g 000 0 eng d | ||
| 035 | _a(Sirsi) u152954 | ||
| 041 | 0 | _aeng | |
| 110 | 2 |
_aNational Trust for Scotland _93899 |
|
| 245 | 0 | 0 |
_aNational Trust for Scotland _h[electronic resource] |
| 520 | _aProvides details of National Trust for Scotland (NTS) properties and events, as well as information on conservation and NTS policies. | ||
| 590 | _aKA | ||
| 651 | 4 |
_aScotland _y1999- |
|
| 690 |
_aEnvironment _96238 |
||
| 856 | 4 | 0 |
_uhttps://www.nts.org.uk/Home/ _zView the website free of charge at www.nts.org.uk |
| 942 | _n0 | ||
| 999 |
_c120908 _d120908 |
||